| 000 | 01004nam a22002057a 4500 | ||
|---|---|---|---|
| 999 |
_c59354 _d59354 |
||
| 003 | Ge_BSU | ||
| 005 | 20230130100154.0 | ||
| 008 | 230130s2009 ge ||||| |||| 00| 0 geo d | ||
| 020 | _a9789941907142 | ||
| 041 | _ageo | ||
| 080 | _a342.9+342 ი-39 | ||
| 100 |
_aიზორია, ლევან _97856 |
||
| 245 |
_aთანამედროვე სახელმწიფო :თანამედროვე ადმინისტრაცია / _b _cლევან იზორია ; მთ. რედ. გიორგი ხუბუა. |
||
| 264 |
_aთბილისი : _bსიესტა, _c2009. |
||
| 300 |
_a264 გვ. ; _b21 სმ |
||
| 653 | _a ადმინისტრაციული მართვა | ||
| 700 |
_aხუბუა, გიორგი _eრედაქტორი _916816 |
||
| 856 |
_uhttps://dspace.nplg.gov.ge/bitstream/1234/203686/1/TanamedroveSaxelmcifoTanamedroveAdministracia.pdf _yელ ვერსია. pdf |
||
| 942 |
_2udc _cBK |
||